LDR 01146naa#a2200217#i#450# 001 RU\\bibl\123435 005 20260705170951.7 011 ## _a1994-4683 100 ## _a20230731b2023####ek#y0rusy0150####ca 102 ## _aRU 200 1# _aИСПОЛЬЗОВАНИЕ БЕГОВОЙ ДОРОЖКИ ВАРИАТИВНОГО ПРОФИЛЯ В СПОРТИВНОЙ СЕКЦИИ ВУЗА ПО ЛЕГКОЙ АТЛЕТИКЕ _eЖурнальная статья 210 1# _aМосква _cНациональный государственный Университет физической культуры, спорта и здоровья им. П.Ф. Лесгафта _d2023 215 ## _a3 с. 608 ## _aЖурнальная статья _2local 675 ## _aЛегкая атлетика в целом. 796.42 _z 700 #1 _aШвачун _gОксана Александровна 700 #1 _aФролова _gСветлана Викторовна 700 #1 _aПрыткова _gЕлена Сергеевна 700 #1 _aГвоздевских _gЮрий Сергеевич 700 #1 _aЕжова _gАлла Витальевна 856 4# _auchzapiski.lesgaft.spb.ru _u